[Event "Hamburg-chT Landesliga 2122"]
[Site "Hamburg"]
[Date "2022.05.07"]
[Round "7.8"]
[White "Reyes Mantilla, Andres Mauricio"]
[Black "Peschke, Andres"]
[Result "1-0"]
[WhiteElo "1579"]
[BlackElo "1920"]
[PlyCount "39"]
[EventDate "2021.10.31"]
[EventType "team-tourn"]
[EventRounds "9"]
[EventCountry "GER"]
[SourceTitle "EXT 2023"]
[Source "ChessBase"]
[SourceDate "2022.10.05"]
[SourceVersion "1"]
[SourceVersionDate "2022.10.05"]
[SourceQuality "1"]
[WhiteTeam "Hamburger SK IV"]
[BlackTeam "Marmstorf"]
[WhiteTeamCountry "GER"]
[BlackTeamCountry "GER"]

1. d4 Nf6 2. c4 d6 3. Nc3 g6 4. e4 Bg7 5. Be2 Nbd7 6. Be3 c6 7. Qd2 h5 8. f3 Qa5 9. Nh3 Nf8 10. Nf2 Bd7 11. b4 Qc7 12. a4 e5 13. d5 N8h7 14. c5 cxd5 15. exd5 0-0 16. Nfe4 dxc5 17. bxc5 a6 18. 0-0 Rad8 19. Rab1 Ne8 20. c6 1-0